[Event "2. Bundesliga Ost 2018/2019"]
[Site "alle Wien"]
[Date "2018.11.03"]
[Round "3"]
[Board "6"]
[White "Kuntner, Reinhard"]
[Black "Iro, Christian"]
[Result "1/2-1/2"]
[WhiteElo "2024"]
[BlackElo "2045"]
[PlyCount "53"]
[EventDate "2018.10.06"]
[EventType "team"]
[EventRounds "11"]
[EventCountry "AUT"]
[WhiteTeam "Blackburne Nickelsdorf"]
[BlackTeam "SK Austria"]

1. c4 Nf6 2. g3 e6 3. Bg2 d5 4. Nf3 Be7 5. O-O O-O 6. b3 c5 7. e3 Nc6 8. d4
cxd4 9. exd4 b6 10. Nc3 Bb7 11. Be3 Na5 12. Ne5 Rc8 13. Rc1 dxc4 14. Bxb7 Nxb7
15. bxc4 Na5 16. Qa4 Qe8 17. c5 Qxa4 18. Nxa4 bxc5 19. dxc5 Nd5 20. Rfe1 Nc6
21. Nxc6 Rxc6 22. Rc4 Rfc8 23. Kg2 Nb6 24. Rb4 Nd5 25. Rc4 Nb6 26. Rb4 Nd5 27.
Rc4  1/2-1/2

[Event "2. Bundesliga Ost 2018/2019"]
[Site "alle Wien"]
[Date "2018.11.03"]
[Round "3"]
[Board "1"]
[White "Penz, Harald"]
[Black "Baumegger, Siegfried"]
[Result "1/2-1/2"]
[WhiteElo "2317"]
[BlackElo "2446"]
[PlyCount "187"]
[EventDate "2018.10.06"]
[EventType "team"]
[EventRounds "11"]
[EventCountry "AUT"]
[WhiteTeam "SK Hietzing"]
[BlackTeam "tschaturanga"]

1. e4 c5 2. c3 d5 3. exd5 Qxd5 4. d4 Nf6 5. Nf3 e6 6. Be2 cxd4 7. cxd4 Nc6 8.
O-O Be7 9. Nc3 Qd6 10. Nb5 Qd8 11. Ne5 O-O 12. Bf3 Bd7 13. Nc3 Rc8 14. Be3 Be8
15. Rc1 b6 16. Qe2 Nb4 17. a3 Nbd5 18. Nxd5 Nxd5 19. Qa6 Rxc1 20. Rxc1 Nxe3 21.
fxe3 Bd6 22. Qxa7 Bxe5 23. dxe5 Qd2 24. Qc7 Qxb2 25. Qc3 Qb5 26. Be4 g6 27. Rb1
Qa6 28. Bd3 b5 29. Qc5 Qa5 30. Qb4 Qa7 31. Re1 Bd7 32. Qd4 Ra8 33. Rb1 Qc7 34.
Bxb5 Bxb5 35. Rxb5 Qc1+ 36. Kf2 Qxa3 37. h3 Qc1 38. Kg3 Kg7 39. Qf4 Qc7 40. Kh2
Qe7 41. Qf3 Ra7 42. Qf4 h6 43. Qd4 Ra2 44. Qf4 Ra7 45. Qe4 Qd7 46. Qb4 Qe7 47.
Qxe7 Rxe7 48. Kg3 g5 49. Kf3 h5 50. Ke4 Ra7 51. Rb2 Kg6 52. Rf2 Ra4+ 53. Kd3
Kg7 54. e4 Ra1 55. Rb2 Ra5 56. Kd4 Ra3 57. Rf2 Rb3 58. Kc4 Rb1 59. Kd3 Rc1 60.
Ra2 Rf1 61. Ke2 Rb1 62. Ke3 Re1+ 63. Kd3 Rb1 64. Ke3 Rb3+ 65. Kd4 Rb5 66. Rf2
Ra5 67. Rb2 h4 68. Rf2 Ra7 69. Rb2 Kg6 70. Rc2 Kh5 71. Ke3 Ra5 72. Rf2 Kg6 73.
Kd4 Rb5 74. Rf6+ Kg7 75. Rf2 Ra5 76. Rb2 Kg6 77. Rf2 Ra7 78. Kd3 g4 79. hxg4
Kg5 80. Rb2 Kxg4 81. Rb8 Ra3+ 82. Kd4 Rg3 83. Rg8+ Kf4 84. Rh8 Rg4 85. Rh7 Kg3
86. Rxf7 Kxg2 87. Rf6 h3 88. Rxe6 h2 89. Rh6 h1=Q 90. Rxh1 Kxh1 91. e6 Kg2 92.
e7 Rg8 93. Ke5 Kf3 94. Kf6  1/2-1/2

[Event "2. Bundesliga Ost 2018/2019"]
[Site "alle Wien"]
[Date "2018.11.03"]
[Round "3"]
[Board "2"]
[White "Morgunov, Daniel"]
[Black "Belke, Frank"]
[Result "1/2-1/2"]
[WhiteElo "2328"]
[BlackElo "2300"]
[PlyCount "36"]
[EventDate "2018.10.06"]
[EventType "team"]
[EventRounds "11"]
[EventCountry "AUT"]
[WhiteTeam "tschaturanga"]
[BlackTeam "SK Hietzing"]

1. e4 e6 2. Nc3 d5 3. Nf3 d4 4. Ne2 c5 5. c3 dxc3 6. Nxc3 Nf6 7. d4 Be7 8. Bb5+
Bd7 9. Qa4 cxd4 10. Nxd4 O-O 11. O-O a6 12. e5 Bxb5 13. Ndxb5 Nfd7 14. Rd1 Nc6
15. Nd6 Qc7 16. f4 b5 17. Qe4 Nc5 18. Qf3 Nb7  1/2-1/2

[Event "2. Bundesliga Ost 2018/2019"]
[Site "alle Wien"]
[Date "2018.11.03"]
[Round "3"]
[Board "3"]
[White "Schroll, Gerhard"]
[Black "Sadilek, Peter"]
[Result "1-0"]
[WhiteElo "2304"]
[BlackElo "2291"]
[PlyCount "53"]
[EventDate "2018.10.06"]
[EventType "team"]
[EventRounds "11"]
[EventCountry "AUT"]
[WhiteTeam "SK Hietzing"]
[BlackTeam "tschaturanga"]

1. d4 Nf6 2. c4 e6 3. Nf3 d5 4. cxd5 exd5 5. Nc3 c6 6. Bg5 Be7 7. e3 Bf5 8. Bd3
Bxd3 9. Qxd3 Nbd7 10. O-O O-O 11. Rab1 Ne4 12. Bxe7 Qxe7 13. b4 a6 14. a4 Rfe8
15. Nd2 f5 16. Rfe1 Qh4 17. g3 Qh3 18. f3 Nxg3 19. hxg3 Qxg3+ 20. Kf1 Nf6 21.
Qxf5 Rf8 22. Ke2 Rae8 23. Rh1 Qg2+ 24. Kd3 Qf2 25. Rbe1 g6 26. Qh3 Nh5 27. Nd1
 1-0

[Event "2. Bundesliga Ost 2018/2019"]
[Site "alle Wien"]
[Date "2018.11.03"]
[Round "3"]
[Board "4"]
[White "Sadilek, Maximilian"]
[Black "Mozny, Milos"]
[Result "1-0"]
[WhiteElo "2245"]
[BlackElo "2283"]
[PlyCount "103"]
[EventDate "2018.10.06"]
[EventType "team"]
[EventRounds "11"]
[EventCountry "AUT"]
[WhiteTeam "tschaturanga"]
[BlackTeam "SK Hietzing"]

1. e4 c5 2. Nf3 e6 3. Nc3 d6 4. d4 cxd4 5. Nxd4 Nf6 6. f4 Be7 7. Bb5+ Nfd7 8.
O-O a6 9. Be2 Nc6 10. Be3 Qc7 11. f5 Nxd4 12. Bxd4 Ne5 13. fxe6 Bxe6 14. Nd5
Bxd5 15. exd5 Bf6 16. c4 O-O 17. Rc1 Rfe8 18. Rxf6 gxf6 19. Qd2 Qe7 20. Rf1 Kg7
21. b4 Rg8 22. Qf4 Rae8 23. Qf5 Kh8 24. Qxf6+ Qxf6 25. Rxf6 Rg6 26. Rxf7 Kg8
27. Rf4 Rf8 28. Rxf8+ Kxf8 29. c5 Ke7 30. Bxe5 dxe5 31. Bf3 b6 32. Kf2 bxc5 33.
bxc5 Rf6 34. Ke3 Rf4 35. Be4 h6 36. g3 Rf1 37. g4 Rc1 38. d6+ Kd7 39. Bf5+ Kd8
40. h4 Rxc5 41. Ke4 Rc2 42. a3 Ra2 43. g5 hxg5 44. hxg5 Rxa3 45. g6 Rg3 46.
Kxe5 a5 47. Kf4 Rg1 48. Bg4 Rf1+ 49. Kg5 Rf8 50. Be6 a4 51. g7 Re8 52. Kf6  1-0

[Event "2. Bundesliga Ost 2018/2019"]
[Site "alle Wien"]
[Date "2018.11.03"]
[Round "3"]
[Board "5"]
[White "Djeno, Drago"]
[Black "Rother, Moritz"]
[Result "1/2-1/2"]
[WhiteElo "2253"]
[BlackElo "2108"]
[PlyCount "107"]
[EventDate "2018.10.06"]
[EventType "team"]
[EventRounds "11"]
[EventCountry "AUT"]
[WhiteTeam "SK Hietzing"]
[BlackTeam "tschaturanga"]

1. c4 c6 2. Nf3 d5 3. b3 Nf6 4. g3 g6 5. Bg2 Bg7 6. Bb2 O-O 7. O-O Bg4 8. d3
Bxf3 9. Bxf3 e6 10. Nd2 a5 11. Qc2 Qb6 12. a3 Rd8 13. Rfb1 Na6 14. e3 c5 15.
Be5 Ne4 16. Bxg7 Nxd2 17. Qxd2 Kxg7 18. cxd5 exd5 19. d4 cxd4 20. exd4 Nc7 21.
Qd3 Ne6 22. Rd1 Rac8 23. h4 h5 24. Qe3 Qd6 25. Rd3 Rc6 26. a4 Nc7 27. Qd2 Qb4
28. Qf4 Qd6 29. Qg5 Ne6 30. Qe3 Nc7 31. Kg2 Re8 32. Qd2 Qb4 33. Qf4 Ree6 34.
Qg5 f6 35. Qf4 Qd6 36. Qd2 Qb4 37. Qd1 Qd6 38. Rc1 Na6 39. Rdc3 Qc7 40. Qd2 Nb4
41. Rc5 b6 42. Rxc6 Rxc6 43. Re1 Qd7 44. Qe2 Rc7 45. Qd2 Qd8 46. Re3 Re7 47.
Qc3 Rxe3 48. fxe3 f5 49. Kf2 Qd7 50. Be2 Kf6 51. Bb5 Qd8 52. Be2 Qd7 53. Bb5
Qd8 54. Be2  1/2-1/2

[Event "2. Bundesliga Ost 2018/2019"]
[Site "alle Wien"]
[Date "2018.11.03"]
[Round "3"]
[Board "6"]
[White "Devine, Christopher"]
[Black "Todor, Razvan"]
[Result "0-1"]
[WhiteElo "2088"]
[BlackElo "2178"]
[PlyCount "114"]
[EventDate "2018.10.06"]
[EventType "team"]
[EventRounds "11"]
[EventCountry "AUT"]
[WhiteTeam "tschaturanga"]
[BlackTeam "SK Hietzing"]

1. d4 e6 2. Nf3 f5 3. g3 Nf6 4. Bg2 Be7 5. c4 d6 6. Nc3 O-O 7. Qc2 Qe8 8. O-O
Qg6 9. Nh4 Qh5 10. Bf3 Qf7 11. d5 Na6 12. dxe6 Qxe6 13. Nd5 Bd8 14. Bg5 c6 15.
Ne3 h6 16. Bxh6 gxh6 17. Nexf5 Nh7 18. e4 Bxh4 19. gxh4 Qf6 20. Bg4 Bxf5 21.
Bxf5 Qxh4 22. Kh1 Qf4 23. Rg1+ Ng5 24. Qc3 Rae8 25. Rg4 Qxf2 26. h4 Rxf5 27.
exf5 Re3 28. Rag1 Qf3+ 29. R1g2 Rxc3 30. bxc3 Qxc3 31. hxg5 hxg5 32. Rxg5+ Kf7
33. R5g3 Qa1+ 34. Rg1 Qh8+ 35. Kg2 Nc5 36. f6 Kxf6 37. Re1 Ne6 38. Rf3+ Ke7 39.
Re2 Qg7+ 40. Rg3 Qd4 41. Rf3 Qxc4 42. Ref2 Qe4 43. Kf1 Qb1+ 44. Kg2 Qg6+ 45.
Kh2 d5 46. Rb3 b6 47. Ra3 a5 48. Rc3 Kd6 49. Rg2 Qf6 50. Rb3 b5 51. Rbb2 a4 52.
Rbf2 Nf4 53. Rg4 Qh6+ 54. Kg3 Nd3 55. Rh2 Qe3+ 56. Kh4 Ne5 57. Rh3 Nxg4  0-1

[Event "2. Bundesliga Ost 2018/2019"]
[Site "alle Wien"]
[Date "2018.11.03"]
[Round "3"]
[Board "1"]
[White "Schwarz, Dusan"]
[Black "Blohberger, Felix"]
[Result "0-1"]
[WhiteElo "2293"]
[BlackElo "2433"]
[PlyCount "116"]
[EventDate "2018.10.06"]
[EventType "team"]
[EventRounds "11"]
[EventCountry "AUT"]
[WhiteTeam "Wiener Amateurschachklub"]
[BlackTeam "mpimmo Wien - SK Ottakring"]

1. d4 d6 2. c4 g6 3. Nc3 Bg7 4. e4 Nf6 5. f3 c6 6. Be3 O-O 7. Nge2 a6 8. c5 b5
9. cxd6 exd6 10. Nf4 Nbd7 11. Be2 Bb7 12. O-O Rc8 13. Qd2 Qe7 14. Rfd1 Rfd8 15.
Bf1 c5 16. Rac1 cxd4 17. Bxd4 Qf8 18. Be3 Ne5 19. b3 Rd7 20. Ncd5 Rxc1 21. Rxc1
Nxd5 22. Nxd5 f5 23. Be2 fxe4 24. fxe4 Rf7 25. a4 bxa4 26. bxa4 h5 27. h3 Qe8
28. a5 Kh7 29. Rf1 Rxf1+ 30. Bxf1 Nd7 31. Nb6 Nf6 32. Qxd6 Qxe4 33. Qd2 Qb1 34.
Nd7 Ne4 35. Qd3 Qa1 36. Qb3 Bc6 37. Qf7 Bxd7 38. Qxd7 Ng3 39. Qd3 Nxf1 40. Qxf1
Qxa5 41. Qf2 Qa1+ 42. Kh2 Be5+ 43. Bf4 Qd4 44. Qxd4 Bxd4 45. h4 a5 46. g4 a4
47. Bc1 Bf2 48. gxh5 gxh5 49. Kg2 Bxh4 50. Kf3 Kg6 51. Ke4 Bf6 52. Ba3 Kg5 53.
Kf3 Kf5 54. Bc1 Be5 55. Ba3 h4 56. Bc1 h3 57. Ba3 h2 58. Kg2 Ke4  0-1

[Event "2. Bundesliga Ost 2018/2019"]
[Site "alle Wien"]
[Date "2018.11.03"]
[Round "3"]
[Board "2"]
[White "Gstach, Jakob"]
[Black "Danada, Tomas"]
[Result "1-0"]
[WhiteElo "2276"]
[BlackElo "2250"]
[PlyCount "99"]
[EventDate "2018.10.06"]
[EventType "team"]
[EventRounds "11"]
[EventCountry "AUT"]
[WhiteTeam "mpimmo Wien - SK Ottakring"]
[BlackTeam "Wiener Amateurschachklub"]

1. d4 Nf6 2. c4 e6 3. Nc3 Bb4 4. e3 O-O 5. Nge2 c6 6. a3 Ba5 7. b4 Bc7 8. Bb2
d5 9. Ng3 Re8 10. Bd3 Nbd7 11. f4 a5 12. c5 axb4 13. axb4 Rxa1 14. Bxa1 b5 15.
O-O Bb7 16. Bb2 Qe7 17. Nh1 Ra8 18. Nf2 Ne8 19. Qh5 f5 20. g4 g6 21. Qh3 Bd8
22. g5 Nc7 23. Bc2 Qf8 24. Nd3 Na6 25. Kf2 h6 26. Rg1 hxg5 27. fxg5 Qe7 28. Ne2
Bc7 29. Nef4 Nf8 30. Bc3 Nb8 31. Ke2 Nbd7 32. Qh6 Qg7 33. Qxg7+ Kxg7 34. h4 Re8
35. h5 gxh5 36. Nxh5+ Kf7 37. Ndf4 Ng6 38. Rh1 e5 39. Nxg6 Kxg6 40. Bxf5+ Kxf5
41. Ng7+ Kxg5 42. Rg1+ Kh6 43. Nxe8 Bb8 44. dxe5 Nxe5 45. Nd6 Bxd6 46. cxd6 Nd7
47. Rg7 Bc8 48. Rg8 Nb6 49. Rxc8 Nxc8 50. d7  1-0

[Event "2. Bundesliga Ost 2018/2019"]
[Site "alle Wien"]
[Date "2018.11.03"]
[Round "3"]
[Board "3"]
[White "Karas, Marek"]
[Black "Steiner, Adam"]
[Result "1/2-1/2"]
[WhiteElo "2250"]
[BlackElo "2219"]
[PlyCount "113"]
[EventDate "2018.10.06"]
[EventType "team"]
[EventRounds "11"]
[EventCountry "AUT"]
[WhiteTeam "Wiener Amateurschachklub"]
[BlackTeam "mpimmo Wien - SK Ottakring"]

1. Nf3 d5 2. g3 Nc6 3. d4 Bg4 4. Bg2 Nf6 5. c4 dxc4 6. Qa4 Qd7 7. Qxc4 O-O-O 8.
O-O Bxf3 9. exf3 Qd5 10. Qxd5 Nxd5 11. Be3 Nxe3 12. fxe3 e5 13. dxe5 Nxe5 14.
Rc1 Nd3 15. Rc2 Bc5 16. Nc3 Bxe3+ 17. Kf1 c6 18. f4 Kb8 19. Rd1 Nb4 20. Re2
Rxd1+ 21. Nxd1 Bc5 22. a3 Na6 23. Nc3 Rd8 24. Bf3 f5 25. Rc2 Bd4 26. Ke2 Nc5
27. Kf1 Nb3 28. Be2 Bf6 29. h3 Kc7 30. g4 g6 31. Kf2 Nd4 32. Rc1 Nxe2 33. Kxe2
Re8+ 34. Kf3 Bxc3 35. Rxc3 Kd6 36. Rd3+ Ke6 37. Re3+ Kf7 38. Rd3 Re7 39. Rd8
Ke6 40. Ke3 Rd7 41. Re8+ Re7 42. Rd8 Rd7 43. Re8+ Kf7 44. Rh8 Re7+ 45. Kf3 Ke6
46. Ke3 Kd5+ 47. Kd3 c5 48. Rd8+ Ke6 49. Rh8 Kf6 50. Rf8+ Kg7 51. Rd8 b6 52.
Rd5 Kf6 53. Rd6+ Re6 54. Rd7 Re7 55. Rd6+ Re6 56. Rd7 Re7 57. Rd6+  1/2-1/2

[Event "2. Bundesliga Ost 2018/2019"]
[Site "alle Wien"]
[Date "2018.11.03"]
[Round "3"]
[Board "4"]
[White "Bauer, Thomas"]
[Black "Frindt, Kornel"]
[Result "1-0"]
[WhiteElo "2244"]
[BlackElo "2217"]
[PlyCount "73"]
[EventDate "2018.10.06"]
[EventType "team"]
[EventRounds "11"]
[EventCountry "AUT"]
[WhiteTeam "mpimmo Wien - SK Ottakring"]
[BlackTeam "Wiener Amateurschachklub"]

1. c4 Nf6 2. Nc3 g6 3. d4 Bg7 4. e4 d6 5. Be2 O-O 6. Be3 e5 7. d5 a5 8. g4 Nfd7
9. h4 f5 10. exf5 gxf5 11. gxf5 Nf6 12. Nf3 Bxf5 13. Rg1 Kh8 14. Qd2 Ng4 15.
Bg5 Qe8 16. Rg2 h6 17. Nh2 hxg5 18. Nxg4 gxh4 19. Qg5 Qg6 20. Qxh4+ Qh7 21. Qg3
Kg8 22. Ne3 Nd7 23. O-O-O Rf7 24. Rdg1 Kf8 25. Rh2 Bh6 26. Rxh6 Qxh6 27. Qg8+
Ke7 28. Qxa8 Bh7 29. Qh8 Nf8 30. Ne4 Qh2 31. Rg2 Qf4 32. Ng5 Be4 33. Nxf7 Bxg2
34. Qg7 Qxf2 35. Nf5+ Ke8 36. N7xd6+ cxd6 37. Qe7#  1-0

[Event "2. Bundesliga Ost 2018/2019"]
[Site "alle Wien"]
[Date "2018.11.03"]
[Round "3"]
[Board "5"]
[White "Wiedermann, Daniel"]
[Black "Srienz, Christian"]
[Result "0-1"]
[WhiteElo "2067"]
[BlackElo "2173"]
[PlyCount "45"]
[EventDate "2018.10.06"]
[EventType "team"]
[EventRounds "11"]
[EventCountry "AUT"]
[WhiteTeam "Wiener Amateurschachklub"]
[BlackTeam "mpimmo Wien - SK Ottakring"]

1. d4 Nf6 2. c4 e6 3. Nc3 Bb4 4. f3 c5 5. d5 b5 6. e4 O-O 7. Nh3 d6 8. Nf2 bxc4
9. Bxc4 exd5 10. Bxd5 Nxd5 11. Qxd5 Be6 12. Bg5 Bxd5 13. Bxd8 Rxd8 14. exd5
Re8+ 15. Kd2 Nd7 16. Ng4 Nb6 17. Ne3 Re5 18. Rhe1 Rae8 19. Rad1 Rxe3 20. Rxe3
Nc4+ 21. Kd3 Nxb2+ 22. Ke2 Rxe3+ 23. Kxe3  0-1

[Event "2. Bundesliga Ost 2018/2019"]
[Site "alle Wien"]
[Date "2018.11.03"]
[Round "3"]
[Board "6"]
[White "Peyrer, Konstantin"]
[Black "Jirovec, Alfred"]
[Result "0-1"]
[WhiteElo "2149"]
[BlackElo "1977"]
[PlyCount "84"]
[EventDate "2018.10.06"]
[EventType "team"]
[EventRounds "11"]
[EventCountry "AUT"]
[WhiteTeam "mpimmo Wien - SK Ottakring"]
[BlackTeam "Wiener Amateurschachklub"]

1. c4 g6 2. Nf3 Bg7 3. Nc3 Nf6 4. g3 d6 5. Bg2 O-O 6. d4 c6 7. O-O Nbd7 8. Ne1
Nb6 9. b3 d5 10. c5 Nbd7 11. Nd3 Re8 12. e3 e5 13. dxe5 Nxe5 14. Nxe5 Rxe5 15.
Bb2 Re8 16. Na4 Bf5 17. Bd4 Qd7 18. b4 Bh3 19. Rb1 Bxg2 20. Kxg2 Rad8 21. h4 h5
22. f3 Re7 23. Rb3 Ne8 24. Bxg7 Nxg7 25. Rd3 Qe6 26. e4 Red7 27. Qe2 dxe4 28.
Rxd7 exf3+ 29. Qxf3 Rxd7 30. Nc3 Nf5 31. Ne4 Rd4 32. Re1 Rd2+ 33. Nxd2 Qxe1 34.
Ne4 Qxb4 35. Qf4 Qb2+ 36. Kh3 Qd4 37. Kg2 Kg7 38. g4 Ne3+ 39. Kf3 Nxg4 40. Nd6
Qf2+ 41. Ke4 Nf6+ 42. Ke5 Qxc5#  0-1

[Event "2. Bundesliga Ost 2018/2019"]
[Site "alle Wien"]
[Date "2018.11.03"]
[Round "3"]
[Board "1"]
[White "Jovanovic, Dusan"]
[Black "Petrik, Tomas"]
[Result "1-0"]
[WhiteElo "2401"]
[BlackElo "2481"]
[PlyCount "125"]
[EventDate "2018.10.06"]
[EventType "team"]
[EventRounds "11"]
[EventCountry "AUT"]
[WhiteTeam "SK Sparkasse Bad Voeslau"]
[BlackTeam "SG Mistelbach/Altlichtenwarth"]

1. Nf3 Nf6 2. c4 c5 3. g3 g6 4. Bg2 Bg7 5. O-O O-O 6. Nc3 Nc6 7. d4 cxd4 8.
Nxd4 Ng4 9. e3 d6 10. h3 Nge5 11. b3 Nxd4 12. exd4 Nc6 13. Be3 e6 14. Rc1 Ne7
15. d5 e5 16. c5 Nf5 17. Ne4 Nxe3 18. fxe3 dxc5 19. d6 b6 20. Nxc5 Rb8 21. Ne4
Ba6 22. Re1 f5 23. Nf2 Kh8 24. e4 Qg5 25. exf5 gxf5 26. Kh2 e4 27. h4 Qg6 28.
h5 Qh6 29. Rc7 Rbd8 30. d7 Be5 31. Rxa7 Qg5 32. Ng4 Bd3 33. Nxe5 f4 34. Qa1
Qxg3+ 35. Kg1 Kg8 36. Nxd3 f3 37. Qb2 exd3 38. Qf2 Qg5 39. Rd1 Rf4 40. Rxd3
fxg2 41. Rg3 Rg4 42. Rxg4 Qxg4 43. Qxg2 Qxg2+ 44. Kxg2 Kf7 45. Rb7 Ke7 46. Rxb6
Rxd7 47. a4 Kd8 48. b4 Rd4 49. a5 Kc7 50. Kf3 Rh4 51. h6 Rd4 52. Ke3 Rd1 53.
Ke4 Rd2 54. Ke5 Rd1 55. Kf6 Rg1 56. Kf7 Rg2 57. Kf8 Rg4 58. b5 Rg5 59. Kf7 Rg1
60. Rc6+ Kb8 61. a6 Ka7 62. Rc7+ Kb8 63. b6  1-0

[Event "2. Bundesliga Ost 2018/2019"]
[Site "alle Wien"]
[Date "2018.11.03"]
[Round "3"]
[Board "2"]
[White "Mikes, Jan"]
[Black "Juhasz, Armin"]
[Result "1/2-1/2"]
[WhiteElo "2307"]
[BlackElo "2365"]
[PlyCount "95"]
[EventDate "2018.10.06"]
[EventType "team"]
[EventRounds "11"]
[EventCountry "AUT"]
[WhiteTeam "SG Mistelbach/Altlichtenwarth"]
[BlackTeam "SK Sparkasse Bad Voeslau"]

1. e4 c6 2. d4 d5 3. e5 Bf5 4. h4 h6 5. g4 Bd7 6. Bd3 c5 7. c4 cxd4 8. cxd5
Qa5+ 9. Nd2 Qxd5 10. Be4 Qxe5 11. Ngf3 Qc7 12. Nxd4 Nf6 13. Qe2 Qb6 14. Nc4
Qxd4 15. Bxb7 Bc6 16. Bxa8 Bxa8 17. Rg1 e6 18. Be3 Bb4+ 19. Kf1 Qd7 20. a3 Be7
21. Bf4 Nc6 22. Rd1 Nd5 23. Bg3 O-O 24. g5 h5 25. Qxh5 Bb7 26. b3 Ba6 27. Kg2
Qb7 28. Qf3 Bc5 29. Nd6 Bxd6 30. Bxd6 Rd8 31. Bg3 Nce7 32. Rge1 Nf5 33. Kh2 Rc8
34. g6 Nf6 35. Qxb7 Bxb7 36. gxf7+ Kxf7 37. Rc1 Rxc1 38. Rxc1 Nd5 39. b4 Nd4
40. Rc4 e5 41. b5 Nxb5 42. Bxe5 Nxa3 43. Rg4 Nf6 44. Rf4 Kg6 45. Bxf6 gxf6 46.
Rg4+ Kh6 47. Rf4 Kg6 48. Rg4+  1/2-1/2

[Event "2. Bundesliga Ost 2018/2019"]
[Site "alle Wien"]
[Date "2018.11.03"]
[Round "3"]
[Board "3"]
[White "Wilke, Werner"]
[Black "Hofmann, Thomas"]
[Result "1/2-1/2"]
[WhiteElo "2223"]
[BlackElo "2262"]
[PlyCount "122"]
[EventDate "2018.10.06"]
[EventType "team"]
[EventRounds "11"]
[EventCountry "AUT"]
[WhiteTeam "SK Sparkasse Bad Voeslau"]
[BlackTeam "SG Mistelbach/Altlichtenwarth"]

1. e4 c5 2. Nf3 e6 3. d4 cxd4 4. Nxd4 Nf6 5. Nc3 Nc6 6. g3 d5 7. exd5 Nxd5 8.
Nxc6 bxc6 9. Ne2 Be7 10. Bg2 O-O 11. O-O Ba6 12. Re1 Rb8 13. Nd4 Rb6 14. a4 c5
15. Nb5 Bxb5 16. axb5 c4 17. Rxa7 Rxb5 18. c3 Bg5 19. Bxg5 Qxg5 20. Qe2 Qf6 21.
Rea1 g6 22. h4 Rfb8 23. R1a2 Kg7 24. R7a4 Rxb2 25. Rxb2 Nxc3 26. Qf3 Rxb2 27.
Qxf6+ Kxf6 28. Rxc4 Nb5 29. Rf4+ Ke7 30. Ra4 Nd6 31. Bf3 Rc2 32. h5 Rc7 33.
hxg6 hxg6 34. Kg2 f5 35. g4 Nf7 36. Rb4 Rc2 37. gxf5 gxf5 38. Bd1 Rc6 39. Bf3
Rc7 40. Rb7 Rxb7 41. Bxb7 e5 42. f3 Kf6 43. Kg3 Kg5 44. Bd5 Nh8 45. Bc6 Ng6 46.
Bb7 Nf4 47. Kf2 Nh5 48. Ke3 Nf6 49. Bc6 f4+ 50. Kf2 Kf5 51. Bb7 Ke6 52. Ke2 Kd6
53. Kd3 Nd7 54. Ba8 Nb6 55. Bb7 Na4 56. Kc4 Nb6+ 57. Kd3 Nd7 58. Ba8 Ke6 59.
Bc6 Kd6 60. Ba8 Nb6 61. Bb7 Na4  1/2-1/2

[Event "2. Bundesliga Ost 2018/2019"]
[Site "alle Wien"]
[Date "2018.11.03"]
[Round "3"]
[Board "4"]
[White "Groetz, Harald"]
[Black "Miazhynski, Yuri"]
[Result "0-1"]
[WhiteElo "2339"]
[BlackElo "2151"]
[PlyCount "112"]
[EventDate "2018.10.06"]
[EventType "team"]
[EventRounds "11"]
[EventCountry "AUT"]
[WhiteTeam "SG Mistelbach/Altlichtenwarth"]
[BlackTeam "SK Sparkasse Bad Voeslau"]

1. Nf3 Nf6 2. g3 b6 3. Bg2 Bb7 4. O-O g6 5. b3 Bg7 6. Bb2 O-O 7. d4 c5 8. e3 d6
9. c4 cxd4 10. exd4 e6 11. Nc3 a6 12. Re1 Nbd7 13. Qd2 Qc7 14. Rac1 Rac8 15. h3
Rfe8 16. Qe3 Qb8 17. Bf1 Qa8 18. Nd2 d5 19. Bg2 dxc4 20. Bxb7 Qxb7 21. bxc4 b5
22. c5 Red8 23. Nde4 Nxe4 24. Nxe4 Qd5 25. Nd6 Rc6 26. Nb7 Re8 27. Rc2 Rc7 28.
Nd6 Rf8 29. Rd2 Nb8 30. Qf4 Rd7 31. a4 b4 32. a5 Nc6 33. Ra1 Ne7 34. g4 Qc6 35.
Nc4 Nd5 36. Qf3 Qc7 37. Nd6 Bh6 38. Re2 Bf4 39. Nc4 Bh2+ 40. Kh1 Bf4 41. Nb6
Rdd8 42. Bc1 Bxc1 43. Rxc1 Nc3 44. Rd2 e5 45. Qe3 exd4 46. Rxd4 Rxd4 47. Qxd4
Qc6+ 48. Kh2 Ne2 49. Qc4 Nxc1 50. Qxc1 Re8 51. Qf4 b3 52. Qd4 Qe4 53. Qxe4 Rxe4
54. c6 b2 55. c7 Re8 56. Nd7 Rc8  0-1

[Event "2. Bundesliga Ost 2018/2019"]
[Site "alle Wien"]
[Date "2018.11.03"]
[Round "3"]
[Board "5"]
[White "Lampl, Gerald"]
[Black "Vrana, Frantisek"]
[Result "0-1"]
[WhiteElo "2106"]
[BlackElo "2252"]
[PlyCount "84"]
[EventDate "2018.10.06"]
[EventType "team"]
[EventRounds "11"]
[EventCountry "AUT"]
[WhiteTeam "SK Sparkasse Bad Voeslau"]
[BlackTeam "SG Mistelbach/Altlichtenwarth"]

1. d4 f5 2. g3 Nf6 3. Bg2 g6 4. Nh3 Bg7 5. O-O O-O 6. Nf4 d6 7. d5 c6 8. c4 e5
9. dxe6 Qe7 10. Nc3 Bxe6 11. Nxe6 Qxe6 12. Qb3 Rf7 13. Rd1 Na6 14. Bf4 Nc5 15.
Qc2 Qxc4 16. b3 Qb4 17. Bxd6 Nfd7 18. Rac1 Qg4 19. Bf3 Qh3 20. Bg2 Qh6 21. Nb1
Ne6 22. e3 Re8 23. Nd2 g5 24. Nc4 Nb6 25. Nxb6 axb6 26. Qc4 b5 27. Qb4 f4 28.
exf4 gxf4 29. Rc2 fxg3 30. Bxg3 Nf4 31. Qd2 Re2 32. Qc1 Qg6 33. Rd8+ Bf8 34.
Rdd2 Rfe7 35. Bf1 Re1 36. Rd1 Nd3 37. Qb1 Rxd1 38. Qxd1 Re1 39. Qf3 Ne5 40. Qc3
b4 41. Qb2 Bg7 42. Kg2 Nf7  0-1

[Event "2. Bundesliga Ost 2018/2019"]
[Site "alle Wien"]
[Date "2018.11.03"]
[Round "3"]
[Board "6"]
[White "Teuber, Andreas"]
[Black "Dittel, Herbert"]
[Result "1-0"]
[WhiteElo "2167"]
[BlackElo "2060"]
[PlyCount "89"]
[EventDate "2018.10.06"]
[EventType "team"]
[EventRounds "11"]
[EventCountry "AUT"]
[WhiteTeam "SG Mistelbach/Altlichtenwarth"]
[BlackTeam "SK Sparkasse Bad Voeslau"]

1. d4 Nf6 2. c4 e6 3. Nf3 d5 4. g3 Be7 5. Bg2 O-O 6. O-O dxc4 7. Qc2 Bd7 8. Ne5
Bc6 9. Nxc6 Nxc6 10. e3 Nb4 11. Qxc4 Nbd5 12. Nc3 c6 13. Rd1 Qd7 14. Qb3 b5 15.
Bd2 a6 16. Rac1 Rac8 17. Ne2 Qa7 18. Ba5 c5 19. e4 c4 20. Qc2 Nb4 21. Bxb4 Bxb4
22. a3 Be7 23. Nf4 Rfd8 24. e5 Nd5 25. Bxd5 exd5 26. h4 Qd7 27. Re1 Rc6 28. Re3
Qg4 29. Kg2 Bxh4 30. e6 fxe6 31. Rh1 Bf6 32. Qxh7+ Kf7 33. Nh5 Qxd4 34. Rf3 Ke8
35. Nxf6+ Ke7 36. Qxg7+ Kd6 37. Ne8+ Kc5 38. b4+ cxb3 39. Rc1+ Qc4 40. Qa7+ Rb6
41. Rxc4+ bxc4 42. Qc7+ Kb5 43. Qxd8 b2 44. Nd6+ Kc6 45. Rf7  1-0

[Event "2. Bundesliga Ost 2018/2019"]
[Site "alle Wien"]
[Date "2018.11.04"]
[Round "4"]
[Board "1"]
[White "Horvath, Dominik"]
[Black "Petrik, Tomas"]
[Result "1/2-1/2"]
[WhiteElo "2447"]
[BlackElo "2481"]
[PlyCount "89"]
[EventDate "2018.10.06"]
[EventType "team"]
[EventRounds "11"]
[EventCountry "AUT"]
[WhiteTeam "ASVOE Pamhagen"]
[BlackTeam "SG Mistelbach/Altlichtenwarth"]

1. Nf3 Nf6 2. c4 c5 3. Nc3 g6 4. e4 Nc6 5. d4 cxd4 6. Nxd4 Nxd4 7. Qxd4 d6 8.
Be2 Bg7 9. Be3 O-O 10. Qd2 a5 11. f3 a4 12. Kf2 Bd7 13. c5 a3 14. b3 Be6 15.
cxd6 exd6 16. Rad1 Ng4+ 17. fxg4 Qf6+ 18. Bf3 Qxc3 19. Qxc3 Bxc3 20. Rxd6 Be5
21. Rd3 Rfc8 22. Rc1 Rxc1 23. Bxc1 Rc8 24. Bxa3 Ra8 25. Be7 Rxa2+ 26. Kg1 Ra1+
27. Kf2 Ra2+ 28. Kg1 h6 29. Bd6 Bxd6 30. Rxd6 Rb2 31. e5 Rxb3 32. Bd5 Bxd5 33.
Rxd5 Kf8 34. Rd7 Ke8 35. Rc7 b5 36. h4 b4 37. h5 gxh5 38. gxh5 Re3 39. Rb7 b3
40. Kf2 Rxe5 41. g4 Rg5 42. Kf3 f5 43. gxf5 Rxf5+ 44. Kg4 Rg5+ 45. Kh4  1/2-1/2